Percy Jackson: horses - Statistics

General Stats
  • This quiz has been taken 97 times
  • The average score is 4 of 5
Answer Stats
Hint Answer % Correct
Percy's pegusus black jack
97%
Tyson's fish pony rainbow
97%
Hazel's horse arion
84%
Reyna's pegusus scipio
68%
Jason's venti Tempest
67%
No matching quizzes found
Score Distribution
Percent of People with Each Score
Percentile by Number Answered
Your Score History
You have not taken this quiz